000 00424nam a2200181Ia 4500
008 100920s9999 xx 000 0 und d
082 _b6617
_a491.462 थ 57
100 _a---
245 _aईर्षा.
260 _b---
_c1957
300 _a71
_bसाधी
365 _b0
520 _aनाटक.
630 _aईर्षा.
650 _aनाटक.
730 _aईर्षा.
942 _cBOOK
999 _c674974
_d674971